00814cam a2200205 i 450000500170000000800410001701500080005802000150006604000370008104100080011804300120012604400070013808200170014524501590016226000490032130000610037050400420043165000690047365000660054220160206155345.0030721s1999 ck a r 000 0 spa d aSSS a9583312843 aCO-BoPUJcCO-BoIAVH dCO-BoIAVH 0 aspa as-ck--- ack04a631.45bP96p04aLos procesos erosivos en una perspectiva sociocultural /cpresentación Hernándo Martínez Aguilera, Iván Orlando Briceño Chávez y Alois Kohler. aVillavicencio, Colombia :bDuplolito,c1999. a138 páginas : bilustraciones, fotos y mapas ;c16 cm. aIncluye referencias bibliográficas.14aErosión de sueloszRío guatiquía (Villavicencio, Colombia)24aUso de la tierrazRío guatiquía (Villavicencio, Colombia)